00367nam a2200109Ia 4500008004100000050002900041100002400070245003700094260008600131300002800217521001200245140724s9999 xx 000 0 und d aTX 911.3.M27b.N322 2011 aNavarro, Jan Carlo. aBurger Run /cJan Carlo Navarro. aLas Piñas, Philippines :bSouthville International School and Colleges,cc2011. a19 p. :bill. ;c28 cm. aTourism